| 000 | 01398cam a2200385 a 4500 | ||
|---|---|---|---|
| 001 | 13849766 | ||
| 003 | PILC | ||
| 005 | 20160114093600.0 | ||
| 008 | 050125s2005 nyua j 000 1 eng | ||
| 010 | _a 2005921149 | ||
| 020 | _a9780439784542 | ||
| 040 |
_aDLC _cDLC _dDLC |
||
| 042 | _alcac | ||
| 050 | 0 | 0 |
_aPZ 7 _b.R884 2005 |
| 082 | 0 | 0 |
_aFIC _b R79h 2005 |
| 100 | 1 |
_aRowling, J. K. _917401 |
|
| 245 | 1 | 0 |
_aHarry potter and the half-blood prince _cby J.K. Rowling ; illustrations by Mary GrandPré. |
| 250 | _a1st American ed. | ||
| 260 |
_aNew York, NY : _bArthur A. Levine Books, _c2005. |
||
| 300 |
_ax, 652 p. : _bill. ; _c24 cm. |
||
| 520 | _a. | ||
| 650 | 0 |
_aPotter, Harry (Fictitious character) _vJuvenile fiction. _917506 |
|
| 650 | 0 |
_aGranger, Hermione (Fictitious character) _vJuvenile fiction. _917507 |
|
| 650 | 0 |
_aWeasley, Ron (Fictitious character) _vJuvenile fiction. _917508 |
|
| 650 | 0 |
_aHogwarts School of Witchcraft and Wizardry (Imaginary organization) _vJuvenile fiction. _917509 |
|
| 650 | 1 |
_aWizards _vFiction. _917510 |
|
| 650 | 1 |
_aMagic _vFiction. _917511 |
|
| 650 | 1 |
_aSchools _vFiction. _917512 |
|
| 651 | 1 |
_aEngland _vFiction. _917513 |
|
| 700 | 1 |
_aGrandPré, Mary, _eill. _917514 |
|
| 906 |
_a7 _bcbc _corignew _d2 _eepcn _f20 _gy-gencatlg |
||
| 942 |
_2lcc _cBK |
||
| 999 |
_c10741 _d10741 |
||